Normal view
MARC view
- China
Entry Geographic Name
001 - CONTROL NUMBER
- control field: 52036
003 - CONTROL NUMBER IDENTIFIER
- control field: NUST
005 - DATE AND TIME OF LATEST TRANSACTION
- control field: 20210329153336.0
008 - FIXED-LENGTH DATA ELEMENTS
- fixed length control field: 210329|| aca||aabn | a|a d
040 ## - CATALOGING SOURCE
- Original cataloging agency: NUST
- Transcribing agency: NUST
151 ## - HEADING--GEOGRAPHIC NAME
- Geographic name: China
- General subdivision: History
- Form subdivision: Sources
670 ## - SOURCE DATA FOUND
- Source citation: Work cat.: (NUST)0: Wilkinson, Endymion Porter, author. 52033, Chinese history :
